| 000 | 00622nam a2200241Ia 4500 | ||
|---|---|---|---|
| 005 | 20250425162456.0 | ||
| 008 | 250425s9999 xx 000 0 und d | ||
| 020 | _a9780131471399 | ||
| 041 | _aeng | ||
| 082 | _a006.3 | ||
| 100 | _aHAYKIN, SIMON | ||
| 245 | 0 | _aNEURAL NETWORKS AND LEARNING MACHINES | |
| 250 | _a3TH ED. | ||
| 260 |
_aEstados Unidos _bPRENTICE HALL _c2009 |
||
| 260 | _aNEW YORK | ||
| 300 | _a906 | ||
| 650 | _aAPRENDIZAJE VIRTUAL | ||
| 650 | _aFILTROS ADAPTABLES | ||
| 650 | _aINTELIGENCIA ARTIFICIAL | ||
| 650 | _aNEURAL NETWORKS ( COMPUTER SCIENCE ) | ||
| 942 | _c01 | ||
| 010 | _a76615 | ||
| 999 |
_c230027 _d230027 |
||